| 000 | 00584nam a22002057a 4500 | ||
|---|---|---|---|
| 003 | EMc | ||
| 005 | 20140310182816.0 | ||
| 008 | 130301t xxu||||| |||| 00| 0 eng d | ||
| 020 | _a9789710391479 | ||
| 050 |
_aLB 1028 _b.H546 2009 |
||
| 100 | _aHeriales-alaras, Ma. Christine | ||
| 245 |
_aEducational field study : _bobservation and participation / _c Heriales, Ma. Christine Alaras |
||
| 260 |
_aQuezon City ; _bGreat Books Pub., _c2009. |
||
| 300 |
_c22 cm. _a63 p. : _bill. ; |
||
| 521 | _aEDU | ||
| 562 | _e2 | ||
| 942 |
_2lcc _cBK _kLOC |
||
| 999 |
_c16293 _d16293 |
||